000 01135nam a2200265Ia 4500
003 OSt
005 20221005111549.0
006 a|||||r|||| 00| 0
007 ta
008 221004b |||||||| |||| 00| 0 hin d
020 _a8172019904 (hbk)
_c100
024 _a97239
037 _b547, 25/03/2009, Vani Prakashan
_cTextual
040 _aCRL
_cCRL
_bhin
041 _2hin
_ahin
082 _aO157,3M61.VI, 1517N6
100 _aठाकुर, रवीन्द्रनाथ
245 0 _aविनोदिनी
_b मूल बाङ्ला ‘चोखेर बालि’
246 _aVinodinī: mūl bānlā ‘chokher bāli’
260 _aनई दिल्ली
_bसाहित्य अकादेमी भारत
_c1996
300 _a232पृ0
_ccm.
700 _a ‘सुमन’ झा, सुरेन्द्र, अनु.
_9624203
942 _hO157,3M61.VI, 1517N6
_cTEXL
_2cc
999 _c1022183
_d1022183